Введение в экспериментальную психологию / (Record no. 200530)
[ view plain ]
| 000 -LEADER | |
|---|---|
| fixed length control field | 00940nam a2200253 u 4500 |
| 001 - CONTROL NUMBER | |
| control field | 000605339 |
| 003 - CONTROL NUMBER IDENTIFIER | |
| control field | AM-YeHGA |
| 005 - DATE AND TIME OF LATEST TRANSACTION | |
| control field | 20250617135437.0 |
| 008 - FIXED-LENGTH DATA ELEMENTS--GENERAL INFORMATION | |
| fixed length control field | 081017s1895 ||| r 000 0 rus d |
| 040 ## - CATALOGING SOURCE | |
| Original cataloging agency | AM-YeHGA |
| 041 1# - LANGUAGE CODE | |
| Language code of text/sound track or separate title | rus |
| Language code of original | fre |
| 090 ## - LOCALLY ASSIGNED LC-TYPE CALL NUMBER (OCLC); LOCAL CALL NUMBER (RLIN) | |
| -- | 202015 |
| 245 00 - TITLE STATEMENT | |
| Title | Введение в экспериментальную психологию / |
| Statement of responsibility, etc. | Бинэ, А. Анри, Куртье, Филипп; Пер. с фр. Е.И. Максимовой; Под ред. А.И. Введенскаго. |
| 250 ## - EDITION STATEMENT | |
| Edition statement | Испр. и доп. |
| 260 ## - PUBLICATION, DISTRIBUTION, ETC. | |
| Place of publication, distribution, etc. | Санкт-Петербург |
| Manufacturer | Тип. П.П. Сойкина |
| Date of publication, distribution, etc. | 1895. |
| 300 ## - PHYSICAL DESCRIPTION | |
| Extent | 216 c. |
| 653 0# - INDEX TERM--UNCONTROLLED | |
| Uncontrolled term | Психология экспериментальная |
| 700 1# - ADDED ENTRY--PERSONAL NAME | |
| Personal name | Бинэ |
| 700 1# - ADDED ENTRY--PERSONAL NAME | |
| Personal name | Анри, В. |
| 700 1# - ADDED ENTRY--PERSONAL NAME | |
| Personal name | Куртье |
| 700 1# - ADDED ENTRY--PERSONAL NAME | |
| Personal name | Филипп |
| 700 1# - ADDED ENTRY--PERSONAL NAME | |
| Personal name | Максимова, Е. И. |
| Relator term | пер. |
| Relationship | trl |
| 700 1# - ADDED ENTRY--PERSONAL NAME | |
| Personal name | Введенский, А.И. |
| Relator term | ред. |
| Relationship | edt |
| Withdrawn status | Lost status | Damaged status | Not for loan | Collection | Home library | Current library | Date acquired | Total checkouts | Full call number | Barcode | Date last seen | Price effective from | Koha item type | Public note |
|---|---|---|---|---|---|---|---|---|---|---|---|---|---|---|
| General | Fundamental Scientific Library | Fundamental Scientific Library | 28/12/2016 | PI/1729 | FL0077417 | 28/12/2016 | 28/12/2016 | Գրքեր / Books | 30 Days Loan |
ՀՀ Գիտությունների ազգային ակադեմիայի հիմնարար գիտական գրադարան = Fundamental Scientific Library of NAS RA
All site content, except where otherwise noted, is licensed under a